Dagón y otros cuentos macabros / H. P. Lovecraft

Salvato in:
Dettagli Bibliografici
Autore principale: Lovecraft, H. P.
Natura: Libro
Lingua:Undetermined
Pubblicazione: España Alianza Editorial 2010
Soggetti:
Tags: Aggiungi Tag
Nessun Tag, puoi essere il primo ad aggiungerne!!

MARC

LEADER 00000nam a2200000Ia 4500
008 170316s9999 xx 000 0 und d
040 |a cru BVZT 
090 |a 810 L-32.1d 
100 |a Lovecraft, H. P. 
245 |a Dagón y otros cuentos macabros / H. P. Lovecraft 
260 |a España 
260 |b Alianza Editorial 
260 |c 2010 
300 |a 257 páginas 
650 |a LITERATURA ESTADOUNIDENSE 
650 |a NOVELA 
650 |a FICCIÓN 
942 |c REF 
999 |c 15090  |d 15090